000 00746nam a2200181 a 4500
008 120416s1985 ||||||||||||||||| || u
020 _a0393022277
050 _aHB 501 Hei
100 _aHeilbroner, Robert L
245 1 4 _aThe nature and logic of capitalism
260 _aNew York
_bW. W. Norton
_c1985
300 _a225 p.
350 _a0.00
500 _aBibliography.
650 _aCAPITALISM
995 _aMAIN LIBRARY OPEN ACCESS
_D0.00
_e712967
_FCBU-MAIN LIBRARY (Kitwe)
_H2
_I15.95
_jHB 501 Hei
_M1
_UAVAILABLE
_WOct 5, 2006
_y001995
_ZMain Library Open Access Collection
995 _aMAIN LIBRARY OPEN ACCESS
_D0.00
_e710880
_FCBU-MAIN LIBRARY (Kitwe)
_H1
_I15.95
_jHB 501 Hei
_M1
_UAVAILABLE
_WOct 5, 2006
_y001994
_ZMain Library Open Access Collection
999 _c78733
_d78733